00502nam a2200181Ia 4500999001500000003000400015005001700019008004100036020001500077040000900092082002000101100002500121245003500146260004100181300000900222650004300231942004600274 c8692d8692OSt20201006112924.0190216s9999||||xx |||||||||||||| ||und|| a8176561703 coclc a005.4469bTAY/L aTaylor, Grant 95350 0aLinux Complete /cGrant Taylor bBpb Publications,c2000.aNew Delhi: a985p a"Computer Programming. Programs, Data" cBK2ddch005.4469iTAY/Lk005.4469mTAY/L